| 000 | 00387nam a2200157 a 4500 | ||
|---|---|---|---|
| 005 | 20140310183234.0 | ||
| 008 | 040712s19uu xx 00 eng d | ||
| 050 |
_aQP 90.5 _b.N277 1997 |
||
| 100 | _aNTTC | ||
| 245 |
_aFluid and electrolyte balance : _bAP11 / _cNTTC. |
||
| 260 | _c1997. | ||
| 300 |
_a18 p. : _c22 cm. |
||
| 942 |
_cBK _2lcc _kLOC |
||
| 999 |
_c20537 _d20537 |
||